000 00335nam a2200109Ia 4500
008 221009s9999 xx 000 0 und d
082 _a800 CHA
100 _aचतुर्वेदी ज्ञान
_942780
245 0 _aज्ञान चतुर्वेदी
260 _bसमांतर प्रकाशन
942 _cBK
999 _c64714
_d64714